=LDR 00000nam 2200000 4500 =001 INLIS000000000053476 =005 20181018014252 =035 ##$$a 0010-1018000091 =245 1#$$a OFFICE IDIOTS /$c Ken Lloyd, PhD =100 #$$a Ken Lloyd =250 ##$$a Ed. 1 =300 ##$$a 269 ; $c 15x22 cm =700 #$$a Kowijaya =260 ##$$a Jakarta :$b PT. Elex Media Komputindo,$c 2014 =082 ##$$a 651.3 =084 ##$$a 651.3 KEN o =020 ##$$a 978-1-601630-268-5 =650 ##$$a Manajemen Perkantoran